000 01433cam a2200361 i 4500
999 _c1731
_d1731
001 (Sirsi) a1002671
003 OSt
005 20230120161716.0
008 150509t20162016nyu c 000 1 eng
010 _a2015010892
020 _a9780385392327
_q(hardback) :
040 _aDLC
_beng
_cDLC
_dTAE
_dKH8
_erda
042 _anbic
082 0 _a813.54 YEP
100 1 _aYep, Laurence,
_d1948-
_eauthor.
245 1 2 _aA dragon's guide to making your human smarter /
_cLaurence Yep & Joanne Ryder ; illustrations by Mary GrandPré
250 _aFirst edition.
264 1 _aNew York :
_bCrown Books for Young Readers,
_c[2016]
264 4 _c©2016.
300 _a294 p. ;
_c22 cm.
336 _atext
_btxt
_2rdacontent.
337 _aunmediated
_bn
_2rdamedia.
338 _avolume
_bnc
_2rdacarrier.
490 0 _aA dragon's guide ;
_v2.
520 _aWinnie is challenged to adapt to a new school for girls where teaching is anything but ordinary and where the eclectic student body includes magicals as well as humans, and while Winnie uses her wits to find her own way, crusty dragon Miss Drake is secretly trying to discover and foil a new plot by Winnie's grandfather to gain custody of her.
521 1 _aAges 8-12.
650 1 _aSchools
_vFiction.
650 1 _aDragons
_vFiction.
650 1 _aMagic
_vFiction.
700 1 _aRyder, Joanne,
_eauthor.
700 1 _aGrandPré, Mary,
_eillustrator.
942 _2ddc
_cNFIC